00229nam a2200097Ia 4500008004100000041000800041100001700049245003000066260002800096365000700124231011s9999 xx 000 0 und d aeng aB. Gnederko. aThe Theory Of Probablity. bMIR Publishar Moscow. - b13